Kĩ thuật mạ điện

Sparad:
Bibliografiska uppgifter
Huvudupphovsman: Nguyễn Văn Lộc
Materialtyp: Bok
Språk:Undetermined
Publicerad: Hà Nội Giáo Dục 1994
Ämnen:
Taggar: Lägg till en tagg
Inga taggar, Lägg till första taggen!
Thư viện lưu trữ: Trung tâm Học liệu Trường Đại học Cần Thơ
LEADER 00501nam a2200181Ia 4500
001 CTU_11742
008 210402s9999 xx 000 0 und d
082 |a 671.732 
082 |b L451/1994 
100 |a Nguyễn Văn Lộc 
245 0 |a Kĩ thuật mạ điện 
245 0 |c Nguyễn Văn Lộc 
260 |a Hà Nội 
260 |b Giáo Dục 
260 |c 1994 
650 |a electroplating 
904 |i Minh, 961102 
980 |a Trung tâm Học liệu Trường Đại học Cần Thơ